书目信息 |
| 题名: |
办公自动化与文秘专业教学大纲(2001-2003)
|
|
| 作者: | ;河南城建高等专科学校教务处 | |
| 分册: | ||
| 出版信息: | 河南城建高等专科学校 2001.09 |
|
| 页数: | 66页 | |
| 开本: | 26cm | |
| 丛书名: | ||
| 单 册: | ||
| 中图分类: | G642.32 | |
| 科图分类: | ||
| 主题词: | 教育--各级 | |
| 电子资源: | ||
| ISBN: | ||
| 000 | 00713nam0 2200181 450 | |
| 001 | 0841303202 | |
| 005 | 20080303164114.75 | |
| 010 | @dCNY 5.00 | |
| 100 | @a20080311d2001 km y0chiy0120 ea | |
| 101 | 0 | @achi |
| 200 | 1 | @a办公自动化与文秘专业教学大纲(2001-2003)@Aban gong zi dong hua yu wen mi zhuan ye jiao xue da gang(2001-2003)@f河南城建高等专科学校教务处@Fhe nan cheng jian gao deng zhuan ke xue xiao jiao wu chu |
| 210 | @c河南城建高等专科学校@d2001.09 | |
| 215 | @a66页@d26cm | |
| 606 | 0 | @a教育@x各级 |
| 690 | @aG642.32@v4 | |
| 711 | 02 | @a河南城建高等专科学校教务处@Ahe nan cheng jian gao deng zhuan ke xue xiao jiao wu chu |
| 801 | 0 | @aCN@b大连网信软件有限公司图书馆·11@c20080303 |
| 905 | @aZUCC@dG642.32@eH262 | |
| 办公自动化与文秘专业教学大纲(2001-2003)/河南城建高等专科学校教务处.-河南城建高等专科学校,2001.09 |
| 66页;26cm |
| ISBN :CNY 5.00 |
| ● |
| 相关链接 |
|
|
|
正题名:办公自动化与文秘专业教学大纲(2001-2003)
索取号:G642.32/H262
 
预约/预借
| 序号 | 登录号 | 条形码 | 馆藏地/架位号 | 状态 | 备注 |
| 1 | 478974 | 204789746 | 计算机与数据科学学院资料室/ [索取号:G642.32/H262] | 在馆 | |
| 2 | 478978 | 204789782 | 计算机与数据科学学院资料室/ [索取号:G642.32/H262] | 在馆 | |
| 3 | 478981 | 204789817 | 计算机与数据科学学院资料室/ [索取号:G642.32/H262] | 在馆 |